Normal view
MARC view
- الرياضيات - مناهج واساليب تدريس
Entry Topical Term
001 - CONTROL NUMBER
- control field: 57634
003 - CONTROL NUMBER IDENTIFIER
- control field: JO-AjAnu
005 - DATE AND TIME OF LATEST TRANSACTION
- control field: 20230606083433.0
008 - FIXED-LENGTH DATA ELEMENTS
- fixed length control field: 230606|| aca||aabn | a|a d
040 ## - CATALOGING SOURCE
- Original cataloging agency: JO-AjAnu
- Transcribing agency: JO-AjAnu
150 ## - HEADING--TOPICAL TERM
- Topical term or geographic name entry element: الرياضيات - مناهج واساليب تدريس
670 ## - SOURCE DATA FOUND
- Source citation: Work cat.: (JO-AjAnu)29407: اعداد القصيرين، غندليب مصطفى؛ اشراف احمد محمد الدويري, author 57633, معوقات تعليم الرياضيات وتعلمها لطلبة الصف العاشر الاساسي في لواء بني كنانة من وجهة نظر المعلمين والطلبة=The obstacles of teaching and learning mathematics for 10th grade at bani-kenana region from teacher,s and students, perspectives